| 000 | 00498nam a2200181Ia 4500 | ||
|---|---|---|---|
| 001 | 4556 | ||
| 005 | 20260306145804.0 | ||
| 008 | 260306t2005||||xx |||||||||||||| ||spa|| | ||
| 041 | _aESP | ||
| 082 |
_a324.630985 _bH59 |
||
| 100 |
_aAljovín De Losada, Cristóbal (Ed.) _eAUT |
||
| 245 | 0 |
_aHistoria de las elecciones en el Perú: _bestudios sobre el gobierno representativo |
|
| 260 | _c2005 | ||
| 300 |
_a568 páginas : _c23 cm. |
||
| 650 | _aGEN | ||
| 654 | _aCDE | ||
| 942 |
_cLIB _dJUS _fJUS _2ddc _n |
||
| 999 |
_c4556 _d4556 |
||